Top-Selling Comics - Statistics

General Stats
  • This quiz has been taken 83 times
    61 since last reset
  • The average score is 102 of 140
Answer Stats
Year Issue # Answer % Correct
2005 #1 All Star Batman & Robin, the Boy Wonder
98%
2005 #2 All Star Batman & Robin, the Boy Wonder
98%
2011 #1 Batman
98%
2011 #2 Batman
98%
2003 #619 Batman
98%
2003 #614 Batman
98%
2003 #612 Batman
98%
2003 #617 Batman
98%
2003 #615 Batman
98%
2002 #608 Batman
98%
2009 #1 Batman and Robin
98%
2010 #1 Batman: The Return of Bruce Wayne
98%
2015 #1 Dark Knight III: Master Race
98%
2011 #1 Detective Comics
98%
2004 #8 Superman/Batman
98%
2004 #10 Superman/Batman
98%
2004 #9 Superman/Batman
98%
2003 #1 Superman/Batman
98%
2002 #2 The Dark Knight Strikes Again
98%
2002 #3 The Dark Knight Strikes Again
98%
2011 #1 Action Comics
94%
2011 #2 Action Comics
94%
2014 #1 Amazing Spider-Man
94%
2012 #700 Amazing Spider-Man
94%
2009 #583 Amazing Spider-Man
94%
2007 #7 Civil War
94%
2007 #6 Civil War
94%
2006 #2 Civil War
94%
2006 #3 Civil War
94%
2006 #1 Civil War
94%
2006 #4 Civil War
94%
2006 #5 Civil War
94%
2014 #31 Superior Spider-Man
94%
2013 #1 Superior Spider-Man
94%
2004 #204 Superman
94%
2004 #205 Superman
94%
2004 #206 Superman
94%
2013 #1 Superman Unchained
94%
2013 #2 Superman Unchained
94%
2011 #160 Ultimate Comics Spider-Man
92%
2012 #1 Avengers vs. X-Men
90%
2012 #2 Avengers vs. X-Men
90%
2012 #6 Avengers vs. X-Men
90%
2012 #5 Avengers vs. X-Men
90%
2012 #3 Avengers vs. X-Men
90%
2012 #4 Avengers vs. X-Men
90%
2007 #1 Fallen Son: The Death of Captain America
90%
2007 #5 Fallen Son: The Death of Captain America
90%
2005 #1 House of M
90%
2005 #2 House of M
90%
2004 #1 Astonishing X-Men
88%
2013 #1 Uncanny X-Men
88%
2008 #500 Uncanny X-Men
88%
2013 #1 X-Men
88%
2010 #1 X-Men
88%
2003 #2 Avengers/JLA
86%
2007 #25 Captain America
86%
2009 #1 Captain America Reborn
86%
2009 #2 Captain America Reborn
86%
2003 #1 JLA/Avengers
86%
2010 #1 New Avengers
86%
2004 #1 New Avengers
86%
2008 #1 Secret Invasion
86%
2008 #2 Secret Invasion
86%
2008 #3 Secret Invasion
86%
2008 #4 Secret Invasion
86%
2008 #5 Secret Invasion
86%
2008 #6 Secret Invasion
86%
2008 #7 Secret Invasion
86%
2008 #8 Secret Invasion
86%
2015 #1 Secret Wars
86%
2007 #1 World War Hulk
86%
2007 #2 World War Hulk
86%
2013 #1 Age of Ultron
84%
2012 #1 Avengers
84%
2010 #1 Avengers
84%
2009 #1 Dark Avengers
84%
2013 #1 Infinity
84%
2015 #1 Invincible Iron Man
84%
2014 #1 Original Sin
84%
2010 #1 Siege
84%
2010 #2 Siege
84%
2002 #1 The Ultimates
84%
2012 #1 Uncanny Avengers
84%
2014 #1 Thor
80%
2007 #1 Thor
80%
2014 #1 Death of Wolverine
70%
2014 #4 Death of Wolverine
70%
2014 #2 Death of Wolverine
70%
2014 #3 Death of Wolverine
70%
2002 #4 Origin
70%
2002 #5 Origin
70%
2002 #6 Origin
70%
2003 #1 Wolverine
70%
2005 #1 Justice
66%
2003 #1 Ultimate Fantastic Four
66%
2010 #8 Blackest Night
58%
2010 #7 Blackest Night
58%
2009 #1 Blackest Night
58%
2009 #5 Blackest Night
58%
2009 #4 Blackest Night
58%
2009 #3 Blackest Night
58%
2009 #6 Blackest Night
58%
2010 #0 Brightest Day
58%
2010 #1 Brightest Day
58%
2011 #1 Green Lantern
58%
2005 #1 Green Lantern
58%
2008 #1 Final Crisis
56%
2004 #1 Identity Crisis
56%
2004 #2 Identity Crisis
56%
2006 #4 Infinite Crisis
54%
2006 #6 Infinite Crisis
54%
2006 #5 Infinite Crisis
54%
2006 #7 Infinite Crisis
54%
2005 #1 Infinite Crisis
54%
2005 #2 Infinite Crisis
54%
2005 #3 Infinite Crisis
54%
2005 #1 Countdown to Infinite Crisis
52%
2011 #1 Justice League
52%
2011 #2 Justice League
52%
2011 #3 Justice League
52%
2013 #1 Justice League of America
52%
2006 #1 Justice League of America
52%
2013 #1 Guardians of the Galaxy
32%
2014 #1 Rocket Raccoon
32%
2014 #132 The Walking Dead
30%
2013 #115 The Walking Dead
30%
2012 #100 The Walking Dead
30%
2015 #1 Spider-Gwen
8%
2015 #1 Star Wars
8%
2015 #1 Star Wars: Vader Down
8%
2015 #1 Darth Vader
2%
2015 #1 Princess Leia
2%
2002 #2 Transformers: Generation 1
2%
2002 #1 Transformers: Generation 1
2%
2002 #3 Transformers: Generation 1
2%
2015 #1 Bravest Warriors: Tales From The Holo John
0%
2007 #1 Dark Tower: The Gunslinger Born
0%
2007 #2 Dark Tower: The Gunslinger Born
0%
2015 #1 Orphan Black
0%
No matching quizzes found
Score Distribution
Percent of People with Each Score
Percentile by Number Answered
Your Score History
You have not taken this quiz since the last reset